Rural transformation in India : (Record no. 66899)

MARC details
000 -LEADER
fixed length control field 00532nam a22001577a 4500
005 - DATE AND TIME OF LATEST TRANSACTION
control field 20180721173615.0
020 ## - INTERNATIONAL STANDARD BOOK NUMBER
International Standard Book Number 8177080865
Terms of availability 870.00
035 ## - SYSTEM CONTROL NUMBER
System control number B-219834, B-219833
037 ## - SOURCE OF ACQUISITION
Stock number DPL
Source of stock number/acquisition ENG
245 ## - TITLE STATEMENT
Title Rural transformation in India :
Remainder of title The impact of globalisation /
Statement of responsibility, etc edited by A. Vinayak Reddy and G. Bhaskar
260 ## - PUBLICATION, DISTRIBUTION, ETC. (IMPRINT)
Place of publication, distribution, etc New Delhi
Name of publisher, distributor, etc New Century Publications
Date of publication, distribution, etc 2005
300 ## - PHYSICAL DESCRIPTION
Extent xviii, 397p.
Dimensions 20 cms.
700 ## - ADDED ENTRY--PERSONAL NAME
Personal name Reddy, A. Vinayak
9 (RLIN) 47447
700 ## - ADDED ENTRY--PERSONAL NAME
Personal name Bhaskar, G.
9 (RLIN) 47448
942 ## - ADDED ENTRY ELEMENTS (KOHA)
Source of classification or shelving scheme Dewey Decimal Classification
Item type English Books
Classification part 338.15
Call number suffix RUR
Holdings
Withdrawn status Lost status Not for loan Collection code Home library Current library Date acquired Cost, normal purchase price Full call number Barcode Cost, replacement price Koha item type Source of acquisition
      Non-fiction Patel Nagar Patel Nagar 21/07/2018 870.00 338.15 RUR B-219833 870.00 English Books BPPD/Pub
      Non-fiction Sarojini Nagar Sarojini Nagar 19/05/2012 870.00 338.15 RUR B-219834 870.00 English Books  

© Delhi Public Library
Hit Counter
free hit counter